LEADER 01725nam 2200433 450 001 000015486 005 20050718115600.0 010 $a3-540-90580-4 100 $a20030728d1982----km-y0itay0103----ba 101 0 $aeng 102 $aDE 200 1 $aErgodic theory$fI.P. Cornfeld, S.V. Fomin, Ya.G. Sinai 210 $aBerlin [etc.]$cSpringer$dc1982 215 $aX, 486 č.$d25 cm. 225 2 $aGrundlehren der mathematischen Wissenschaften$v245 410 0$12001$aGrundlehren der mathematischen Wissenschaften 606 $aSistemi dinamici 676 $a515.42$v(21. ed.)$9Calcolo integrale ed equazioni integrali. Teoria della misura e dell'integrazione 691 $a47A35$9Operator theory. General theory of linear operators. Ergodic theory 691 $a54H20$9General topology. Connections with other structures, applications. Topological dynamics 691 $a37Axx$9Dynamical systems and ergodic theory. Ergodic theory 691 $a28Dxx$9Measure and integration. Measure-theoretic ergodic theory 700 1$aCornfeld,$bI. P.$0441797 701 1$aFomin,$bS. V.$012933 701 1$aSinai,$bYa. G.$0368004 801 0$aIT$bUniversitą della Basilicata - B.I.A.$gRICA$2unimarc 912 $a000015486 996 $aErgodic theory$982775 997 $aUNIBAS BAS $aMONSCI BAS $aSCIENZE CAT $aEXT002$b01$c20030728$lBAS01$h1559 CAT $c20050601$lBAS01$h1755 CAT $abatch$b01$c20050718$lBAS01$h1052 CAT $c20050718$lBAS01$h1111 CAT $c20050718$lBAS01$h1141 CAT $c20050718$lBAS01$h1156 FMT Z30 -1$lBAS01$LBAS01$mBOOK$1BASA2$APolo Tecnico-Scientifico$2GEN$BCollezione generale$3MAT$662633$5S62633$820030728$f51$FRiservati LEADER 03217nam 2200697 a 450 001 9910455334603321 005 20220105193658.0 010 $a1-282-39619-6 010 $a9786612396199 010 $a90-474-3123-5 024 7 $a10.1163/ej.9781571053527.i-793 035 $a(CKB)1000000000821733 035 $a(EBL)467878 035 $a(OCoLC)567744522 035 $a(SSID)ssj0000334668 035 $a(PQKBManifestationID)11254743 035 $a(PQKBTitleCode)TC0000334668 035 $a(PQKBWorkID)10259898 035 $a(PQKB)10888193 035 $a(MiAaPQ)EBC467878 035 $a(nllekb)BRILL9789047431237 035 $a(PPN)174398123 035 $a(Au-PeEL)EBL467878 035 $a(CaPaEBR)ebr10355174 035 $a(CaONFJC)MIL239619 035 $a(EXLCZ)991000000000821733 100 $a20061127d2007 uy 0 101 0 $aeng 135 $aur|n|---||||| 181 $ctxt 182 $cc 183 $acr 200 14$aThe anatomy of torture$b[electronic resource] $ea documentary history of Filartiga v. Pena Irala /$fWilliam J. Aceves 210 $aLeidon ;$aBoston $cMartinus Nijhoff Publishers$dc2007 215 $a1 online resource (817 p.) 225 0 $aNijhoff eBook titles 2007 300 $aDescription based upon print version of record. 311 $a1-57105-352-2 320 $aIncludes bibliographical references (p. 763-785) and index. 327 $tPreliminary Material /$rW.J. Aceves --$tChapter 1. Introduction /$rW.J. Aceves --$tChapter 2. Filartiga V. Pena-Irala: The Birth Of Transnational Litigation /$rW.J. Aceves --$tChapter 3. Filartiga And The Development Of Transnational Litigation /$rW.J. Aceves --$tChapter 4. Conclusion /$rW.J. Aceves --$tAppendix: Litigation Documents And Related Materials /$rW.J. Aceves --$tBibliography /$rW.J. Aceves --$tIndex /$rW.J. Aceves. 330 $aIn recent years, victims of human rights abuses have filed civil lawsuits in U.S. courts. This litigation provides victims a voice and promotes accountability for violations of international law. This is the story of Filartiga volume Pena-Irala , one of the most significant examples of human rights litigation in the U.S., presented as a documentary history ? an approach to legal scholarship that has become increasingly popular in recent years. Unlike traditional casebooks, this book emphasizes the dynamic nature of law. The pleadings and documents appear with minimal editing and are supplemented through commentary by various litigation participants. Published under the Transnational Publishers imprint. 606 $aTrials$zUnited States 606 $aNoncitizens$zUnited States 606 $aTorts$zUnited States 606 $aTorts (International law) 606 $aCrimes against humanity 608 $aElectronic books. 615 0$aTrials 615 0$aNoncitizens 615 0$aTorts 615 0$aTorts (International law) 615 0$aCrimes against humanity. 676 $a341.4/8 700 $aAceves$b William J$0724778 801 0$bMiAaPQ 801 1$bMiAaPQ 801 2$bMiAaPQ 906 $aBOOK 912 $a9910455334603321 996 $aThe anatomy of torture$92295737 997 $aUNINA LEADER 01897nam0 22004093i 450 001 IEI0072544 005 20251003044157.0 010 $a8823000793 100 $a19930505d1992 ||||0itac50 ba 101 | $aita 102 $ait 181 1$6z01$ai $bxxxe 182 1$6z01$an 200 1 $aFlessibili o marginali?$ele nuove forme di lavoro in Italia e in Europa$fa cura di Francesco Garibaldo 210 $aRoma$cEdiesse$d© 1992 215 $a237 p.$d19 cm 225 | $aRagionamenti 410 0$1001CFI0022218$12001 $aRagionamenti 606 $aLavoro a tempo parziale$xPaesi della Comunita economica europea$xAnalisi comparata$2FIR$3UFIC045606$9I 676 $a331.2572094$9CONDIZIONI DI LAVORO. GIORNATA E SETTIMANA LAVORATIVA. Europa$v21 676 $a331.275$9ORARI DI LAVORO$v23 696 $aPart time$aLavoro part time$aPart-time$aLavoro part-time$aImpiego part time$aImpiego part-time 699 $aLavoro a tempo parziale$yPart time 699 $aLavoro a tempo parziale$yLavoro part time 699 $aLavoro a tempo parziale$yPart-time 699 $aLavoro a tempo parziale$yLavoro part-time 699 $aLavoro a tempo parziale$yImpiego part time 699 $aLavoro a tempo parziale$yImpiego part-time 702 1$aGaribaldo$b, Francesco$3CFIV077977 801 3$aIT$bIT-000000$c19930505 850 $aIT-BN0095 901 $bNAP 01$cPOZZO LIB.$nVi sono collocati fondi di economia, periodici di ingegneria e scienze, periodici di economia e statistica e altri fondi comprendenti documenti di economia pervenuti in dono. 912 $aIEI0072544 950 0$aBiblioteca Centralizzata di Ateneo$c1 v.$d 01POZZO LIB.ECON MON 6896$e 0101 0700188965E VMA 1 v. (Precedente collocazione 18 Ec 896)$fB $h20220725$i20220725 977 $a 01 996 $aFlessibili o marginali?$9274915 997 $aUNISANNIO